[Event "SRB Central-ch op-B 9th"]
[Site "Paracin"]
[Date "2016.07.08"]
[Round "2"]
[White "Gajin, Nikola"]
[Black "Doncic, Dragoljub"]
[Result "1-0"]
[WhiteElo "2069"]
[BlackElo "1848"]
[PlyCount "47"]
[EventDate "2016.07.07"]
[EventType "swiss"]
[EventRounds "9"]
[EventCountry "SRB"]
[SourceTitle "CBM 173 Extra"]
[Source "ChessBase"]
[SourceDate "2016.08.29"]
[SourceVersion "1"]
[SourceVersionDate "2016.08.29"]
[SourceQuality "1"]

1. c4 Nf6 2. Nc3 e6 3. d4 d5 4. Nf3 Be7 5. Bf4 a6 6. e3 0-0 7. Bd3 c5 8. 0-0 cxd4 9. exd4 dxc4 10. Bxc4 b5 11. Bd3 Bb7 12. Rc1 Nbd7 13. Qe2 Re8 14. Ne4 Nd5 15. Bg3 Nf8 16. Nc5 Bxc5 17. dxc5 Rc8 18. Rfd1 Nd7 19. Bd6 Nb8 20. Ne5 Nc6 21. Nxf7 Kxf7 22. Qh5+ Kf6 23. Bxh7 Nce7 24. Be5# 1-0

[Event "Belegis-ch"]
[Site "Belegis"]
[Date "2016.03.08"]
[Round "4"]
[White "Grcic, Vukasin"]
[Black "Gajin, Nikola"]
[Result "1-0"]
[WhiteElo "2052"]
[BlackElo "2104"]
[PlyCount "49"]
[EventDate "2016.03.05"]
[EventType "swiss"]
[EventRounds "7"]
[EventCountry "SRB"]
[SourceTitle "CBM 171 Extra"]
[Source "ChessBase"]
[SourceDate "2016.04.26"]
[SourceVersion "1"]
[SourceVersionDate "2016.04.26"]
[SourceQuality "1"]

1. e4 c6 2. d4 d5 3. e5 Bf5 4. h4 h6 5. g4 Bg6 6. h5 Bh7 7. e6 fxe6 8. Bd3 Bxd3 9. Qxd3 Qd6 10. f4 Nf6 11. Nf3 Ne4 12. Ne5 Nd7 13. Nd2 Ndf6 14. g5 hxg5 15. fxg5 Rxh5 16. Rxh5 Nxh5 17. Qf3 Nhg3 18. Qf7+ Kd8 19. Qxf8+ Kc7 20. Qxa8 Qb4 21. Qf8 Qxd4 22. Qf4 Qg1+ 23. Nf1 Kc8 24. Qf8+ Kc7 25. Qxe7+ 1-0

[Event "Gligoric Cup 1st"]
[Site "Banja Koviljaca"]
[Date "2013.05.23"]
[Round "4.7"]
[White "Gajin, Nikola"]
[Black "Skoko, Milan"]
[Result "1/2-1/2"]
[WhiteElo "2146"]
[BlackElo "2236"]
[PlyCount "61"]
[EventDate "2013.05.20"]
[EventType "team-swiss"]
[EventRounds "7"]
[EventCountry "SRB"]
[SourceTitle "CBM 154 Extra"]
[Source "ChessBase"]
[SourceDate "2013.06.25"]
[SourceVersion "2"]
[SourceVersionDate "2013.06.25"]
[SourceQuality "1"]
[WhiteTeam "Banovci Dunav"]
[BlackTeam "Stara Pazova"]
[WhiteTeamCountry "SRB"]
[BlackTeamCountry "SRB"]

1. Nf3 b5 2. g3 Bb7 3. Bg2 Nf6 4. 0-0 e6 5. b3 Be7 6. c4 bxc4 7. bxc4 c5 8. Nc3 0-0 9. d3 d6 10. Rb1 Bc6 11. d4 Ne4 12. Qc2 Nxc3 13. Qxc3 Be4 14. Rb5 a6 15. Rb3 Nc6 16. dxc5 dxc5 17. Qe3 Bxf3 18. Bxf3 Nd4 19. Bxa8 Nxb3 20. Qxb3 Qxa8 21. Be3 Rb8 22. Qc2 f5 23. Rb1 Kf7 24. Rb3 Rxb3 25. Qxb3 Qc6 26. Qb8 h6 27. Qa7 Qe4 28. Qxa6 Qb1+ 29. Kg2 Qe4+ 30. Kg1 Qb1+ 31. Kg2 1/2-1/2